Chambers letter writing

Αποθηκεύτηκε σε:
Λεπτομέρειες βιβλιογραφικής εγγραφής
Κύριος συγγραφέας: Williams, Isobel E.
Μορφή: Βιβλίο
Γλώσσα:English
Δημοσίευση: Edinburgh : Chambers, c1993
Θέματα:
Ετικέτες: Προσθήκη ετικέτας
Δεν υπάρχουν, Καταχωρήστε ετικέτα πρώτοι!

MARC

LEADER 00000nam a2200000 i 4500
001 1/75572
008 990324s1993 eng d
020 |a 0-550-18037-0 
035 |l 10049374 
040 |a GR-MY-UA  |b gre  |e aacr 
041 0 |a eng 
082 0 |a 808.6 
100 1 |a Williams, Isobel E. 
245 1 0 |a Chambers letter writing /  |c Isobel E. Williams 
260 |a Edinburgh :   |b Chambers,   |c c1993 
300 |a 90 p. 
650 0 0 |a Letter writing. 
852 |a INST  |b LESVOS  |e 19990324  |h 808.6 WIL  |p 005100019831  |q 005100019831  |t REF  |y 23 
901 |a BIBL1-1999-2 
909 |a Λ  |b 062692 
922 |a 1ΕΛΗ  |b 199812  |c ΚΠΣ/ΚΥΒ  |d LEADER 
950 |a 023-1998-09-14 
970 |a ΤΖΑΦΕΡΗ  |b ΕΥΑΓΓΕΛΙΑ  |z 1999/07/22